Ptolemy's Original 48 Constellations - Statistics

General Stats
  • This quiz has been taken 24 times
  • The average score is 35 of 48
Answer Stats
Constellation % Correct
Cassiopeia
100%
Orion
100%
Draco
94%
Gemini
94%
Andromeda
88%
Canis Major
88%
Canis Minor
88%
Hydra
88%
Sagitta
88%
Sagittarius
88%
Ursa Major
88%
Virgo
88%
Aquarius
81%
Aries
81%
Cepheus
81%
Hercules
81%
Leo
81%
Perseus
81%
Pisces
81%
Taurus
81%
Ursa Minor
81%
Cancer
75%
Corvus
75%
Cygnus
75%
Eridanus
75%
Libra
75%
Lupus
75%
Scorpius
75%
Ara
69%
Capricornus
69%
Crater
69%
Lyra
69%
Pegasus
69%
Aquila
63%
Auriga
63%
Boötes
63%
Cetus
63%
Lepus
63%
Serpens
63%
Centaurus
56%
Corona Borealis
56%
Corona Australis
50%
Ophiuchus
50%
Triangulum
50%
Delphinus
44%
Piscis Austrinus
38%
Argo Navis
31%
Equuleus
31%
No matching quizzes found
Score Distribution
Percent of People with Each Score
Percentile by Number Answered
Your Score History
You have not taken this quiz